Into The Impossible (Record no. 212118)

MARC details
000 -LEADER
fixed length control field 00571nam a22002057a 4500
005 - DATE AND TIME OF LATEST TRANSACTION
control field 20250704154255.0
010 ## - LCCN (DPL NO)
LC control number ENG-145677
020 ## - INTERNATIONAL STANDARD BOOK NUMBER
Terms of availability 399.00
International Standard Book Number 9789355432179
035 ## - SYSTEM CONTROL NUMBER
System control number EN-129209
037 ## - SOURCE OF ACQUISITION
Source of stock number/acquisition DBAD
082 ## - DEWEY DECIMAL CLASSIFICATION NUMBER
Classification number 921
100 ## - MAIN ENTRY--PERSONAL NAME
Personal name Keating, Brian
245 ## - TITLE STATEMENT
Title Into The Impossible
Statement of responsibility, etc Brian Keating
250 ## - EDITION STATEMENT
Edition statement 1
260 ## - PUBLICATION, DISTRIBUTION, ETC. (IMPRINT)
Place of publication, distribution, etc Bhopal
Name of publisher, distributor, etc Manjul Publishing House Pvt. Ltd.
Date of publication, distribution, etc 2022
270 ## - ADDRESS
City Bhopal
Address C-16, Sector-3, Noida, Uttar Pradesh
Postal code 462003
300 ## - PHYSICAL DESCRIPTION
Extent 175 p.
Dimensions 21.5 cm(pb)
700 ## - ADDED ENTRY--PERSONAL NAME
9 (RLIN) 82599
942 ## - ADDED ENTRY ELEMENTS (KOHA)
Source of classification or shelving scheme Dewey Decimal Classification
Item type English Books
Classification part 921
Call number suffix KEA
Holdings
Withdrawn status Lost status Not for loan Collection code Home library Current library Date acquired Source of acquisition Cost, normal purchase price Full call number Barcode Copy number Cost, replacement price Koha item type
      Non-fiction Ashok Vihar Ashok Vihar 04/07/2025 DBAD 399.00 921 KEA EN-129209 1 399.00 English Books

© Delhi Public Library
Hit Counter
free hit counter